MARC details
| 000 -CABECERA |
| campo de control de longitud fija |
00969nam a2200253 u 4500 |
| 005 - FECHA Y HORA DE LA ÚLTIMA TRANSACCIÓN |
| campo de control |
20221119063531.0 |
| 008 - ELEMENTOS DE LONGITUD FIJA--INFORMACIÓN GENERAL |
| campo de control de longitud fija |
150217s19972007 r 000 0 eng d |
| 020 ## - NÚMERO INTERNACIONAL NORMALIZADO PARA LIBROS |
| Número Internacional Estándar del Libro |
9682934257 |
| 035 ## - NÚMERO DE CONTROL DEL SISTEMA |
| Número de control de sistema |
UPN01000201774 |
| 049 ## - COLECCIÓN |
| Colección |
F |
| 050 #4 - SIGNATURA TOPOGRÁFICA DE LA BIBLIOTECA DEL CONGRESO |
| Número de clasificación |
LB1578.3 T6.7 |
| Número de documento/Ítem |
G8.4 |
| 100 1# - ASIENTO PRINCIPAL--NOMBRE PERSONAL |
| Nombre de persona |
Guiot Vázquez, María Isabel |
| 9 (RLIN) |
38083 |
| 245 10 - MENCIÓN DE TÍTULO |
| Título |
Kgtskul kgalhtawakga chu kgtsonan wa xa tutunaku = |
| Resto del título |
Empiezo a leer y escribir en mi lengua : totonaco / |
| Mención de responsabilidad, etc. |
María Isabel Guiot Vázquez, David Bermúdez Jiménez, Guadalupe García Valencia. |
| 260 ## - PUBLICACIÓN, DISTRIBUCIÓN, ETC. |
| Lugar de publicación, distribución, etc. |
México : |
| Nombre del editor, distribuidor, etc. |
INEA, |
| Fecha de publicación, distribución, etc. |
1997 (2007 impr.). |
| 300 ## - DESCRIPCIÓN FÍSICA |
| Extensión |
31 p. : |
| Otras características físicas |
cuadros |
| 440 #0 - MENCIÓN DE SERIE/ASIENTO SECUNDARIO--TÍTULO |
| Título |
Modelo educación para la vida y el trabajo |
| 650 #4 - ASIENTO SECUNDARIO DE MATERIA - TERMINO TEMATICO |
| Término de materia o nombre geográfico como elemento de entrada |
Cartilla totonaca |
| 9 (RLIN) |
8375 |
| 650 #4 - ASIENTO SECUNDARIO DE MATERIA - TERMINO TEMATICO |
| Término de materia o nombre geográfico como elemento de entrada |
TOTONACO - |
| Subdivisión general |
ESTUDIO Y ENSEÑANZA |
| 9 (RLIN) |
24377 |
| 700 1# - ASIENTO SECUNDARIO--NOMBRE DE PERSONAL |
| Nombre de persona |
Bermúdez Jiménez, David, |
| Término indicativo de función/relación |
coaut. |
| 700 1# - ASIENTO SECUNDARIO--NOMBRE DE PERSONAL |
| Nombre de persona |
García Valencia, Guadalupe, |
| Término indicativo de función/relación |
coaut. |
| 740 0# - ASIENTO SECUNDARIO - TÍTULOS RELACIONADOS /ANALITICOS NO CONTROLADOS |
| Título relacionado o analítico no controlado |
Empiezo a leer y escribir en mi lengua : totonaco |
| 905 ## - TIPO DE MATERIAL |
| Tipo de material |
Libro |